000
00268nam a2200109Ia 4500
005
20251222143235.0
008
251222s9999||||xx |||||||||||||| ||spa||
082
_a
353.795.85/I59/2004
245
0
_a
Informe Científico Tecnológico 2004
264
_b
IPEN
942
_c
LIB
999
_c
14338
_d
14338